header

Detonation and two-phase flow (Record no. 121316)

MARC details
000 -LEADER
fixed length control field 01684nam a2200385 a 4500
245 10 - TITLE STATEMENT
Title Detonation and two-phase flow
260 ## - PUBLICATION, DISTRIBUTION, ETC. (IMPRINT)
Place of publication New York :
Name of publisher Academic Press,
Year of publication 1962.
300 ## - PHYSICAL DESCRIPTION
Number of Pages xii, 368 p. :
Other physical details ill.
490 1# - SERIES STATEMENT
Series statement Progress in astronautics and rocketry ;
500 ## - GENERAL NOTE
General note "A selection of technical papers based mainly on a Symposium of the American Rocket Society held at Palm Beach, Florida, April 26-28, 1961."
505 0# - FORMATTED CONTENTS NOTE
Formatted contents note pt. 1. Detonations in solids, liquids, and gases -- pt. 2. Two-phase flow.
650 #0 - SUBJECT ADDED ENTRY--TOPICAL TERM
Topical Term Combustion
Topical Term Propellants
Topical Term Explosives
700 1# - ADDED ENTRY--PERSONAL NAME
Personal name Penner, S. S.
Personal name Williams, F. A.
856 40 - ELECTRONIC LOCATION AND ACCESS
Uniform Resource Identifier http://site.ebrary.com/lib/rucke/Doc?id=10516784

No items available.

© 2026 Rongo University
Contact us: librarian | system librarian | Rongo university